Normal view
MARC view
Entry Topical Term
001 - CONTROL NUMBER
- control field: 14463
003 - CONTROL NUMBER IDENTIFIER
- control field: OSt
005 - DATE AND TIME OF LATEST TRANSACTION
- control field: 20220124111559.0
008 - FIXED-LENGTH DATA ELEMENTS
- fixed length control field: 220124|| aca||aabn | a|a d
040 ## - CATALOGING SOURCE
- Original cataloging agency: OSt
- Transcribing agency: OSt
150 ## - HEADING--TOPICAL TERM
- Topical term or geographic name entry element: Retail Banking
670 ## - SOURCE DATA FOUND
- Source citation: Work cat.: (OSt)210891: Agarwal, O P. 14462, Fundamentals of retail banking: , 2012.